Spon's mechanical and electrical services price book 2008 (Record no. 107988)
[ view plain ]
| 000 -LEADER | |
|---|---|
| fixed length control field | 01283cam a22003135a 4500 |
| 001 - CONTROL NUMBER | |
| control field | L142813 |
| 008 - FIXED-LENGTH DATA ELEMENTS--GENERAL INFORMATION | |
| fixed length control field | 080311s2008 xxkd f 001 0 eng d |
| 020 ## - INTERNATIONAL STANDARD BOOK NUMBER | |
| International Standard Book Number | 9780415424424 |
| -- | 0415424429 |
| 022 1# - INTERNATIONAL STANDARD SERIAL NUMBER | |
| International Standard Serial Number | 0305-4543 |
| 035 ## - SYSTEM CONTROL NUMBER | |
| System control number | (Sirsi) u142813 |
| 041 0# - LANGUAGE CODE | |
| Language code of text/sound track or separate title | eng |
| 050 04 - LIBRARY OF CONGRESS CALL NUMBER | |
| Classification number | 692.5 $2 18 |
| 110 2# - MAIN ENTRY--CORPORATE NAME | |
| Corporate name or jurisdiction name as entry element | Davis Langdon Mott Green Wall |
| 9 (RLIN) | 4650 |
| 245 00 - TITLE STATEMENT | |
| Title | Spon's mechanical and electrical services price book 2008 |
| 250 ## - EDITION STATEMENT | |
| Edition statement | 39th ed. |
| 260 ## - PUBLICATION, DISTRIBUTION, ETC. | |
| Place of publication, distribution, etc. | London |
| Name of publisher, distributor, etc. | Taylor and Francis |
| Date of publication, distribution, etc. | 2008 |
| 300 ## - PHYSICAL DESCRIPTION | |
| Extent | xv, 652p. |
| Dimensions | 26cm. |
| 350 ## - PRICE (NR) (BK AM CF MU VM SE) [OBSOLETE] | |
| Price | 135 |
| 505 2# - FORMATTED CONTENTS NOTE | |
| Formatted contents note | Engineering features -- Approximate estimating -- Material costs/measured work prices for mechanical installations -- Material costs/measured work prices for electrical installations -- Rates of wages -- Daywork -- Tables and memoranda |
| 520 ## - SUMMARY, ETC. | |
| Summary, etc. | Provides detailed pricing information across the full range of mechanical and electrical services, together with higher level costs for a wide range of systems and different building applications. |
| 520 ## - SUMMARY, ETC. | |
| Summary, etc. | Supersedes 38th edition (ISBN 0415393876). |
| 520 ## - SUMMARY, ETC. | |
| Summary, etc. | Superseded by 40th edition (ISBN 9780415465618). |
| 521 2# - TARGET AUDIENCE NOTE | |
| Target audience note | Advanced |
| 590 ## - LOCAL NOTE (RLIN) | |
| Local note | KA |
| 651 #4 - SUBJECT ADDED ENTRY--GEOGRAPHIC NAME | |
| Geographic name | United Kingdom |
| Chronological subdivision | |
| 690 ## - LOCAL SUBJECT ADDED ENTRY--TOPICAL TERM (OCLC, RLIN) | |
| Topical term or geographic name as entry element | BUILT ENVIRONMENT-BUILDING COSTS |
| 942 ## - ADDED ENTRY ELEMENTS (KOHA) | |
| Suppress in OPAC | 0 |
| Withdrawn status | Lost status | Source of classification or shelving scheme | Damaged status | Not for loan | Home library | Current library | Shelving location | Date acquired | Cost, normal purchase price | Total Checkouts | Full call number | Barcode | Date last seen | Copy number | Cost, replacement price | Price effective from | Koha item type |
|---|---|---|---|---|---|---|---|---|---|---|---|---|---|---|---|---|---|
| Dewey Decimal Classification | London | London | Books | 04/04/2008 | 135.00 | 692.5 SPO | 30072689 | 06/08/2019 | 1 | 135.00 | 06/08/2019 | Reference material |